000 00438nam a22001817a 4500
005 20260410151245.0
008 260116b |||||||| |||| 00| 0 eng d
020 _a9788121943024
_c1450.00
040 _aMAIN
041 _aEnglish
082 _a658.15244
_bBHA
100 _aBhalla, V.K
_95343
245 _aWorking Capital Management
260 _aNew Delhi
_bS.Chand
_c2022
300 _a900
650 _aManagement
942 _cBK
999 _c59988
_d59988